Rain radical kanji (雨) - Statistics

General Stats
  • This quiz has been taken 10 times
  • The average score is 9 of 17
Answer Stats
Hint Answer % Correct
rain
100%
cloud
86%
electricity
86%
snow
71%
fog
57%
ghost
57%
thunder
57%
zero, spill
57%
earthquake
43%
leak
43%
wet
43%
atmosphere
29%
cloudy
29%
confucian
29%
demand
29%
dew
29%
frost
14%
No matching quizzes found
Score Distribution
Percent of People with Each Score
Percentile by Number Answered
Your Score History
You have not taken this quiz